000 01327nam0a2200373 4500
001 RU\NLR\bibl\188869
005 20250619085125.0
010 _a5-7805-0294-3
_920000
021 _aRU
_b2001-3758
_9190
035 _a(NLR Aleph) 000185405
090 _a1071173
_c1071173
100 _a20010926d2001 |||y0rusy50 ca
101 0 _arus
102 _aRU
105 _aa |||||||||
200 1 _aПрактическая психология в тестах, или Как научиться понимать себя и других
_f[Сост. Р. Римская, С. Римский]
210 _aМ.
_cАСТ-пресс
_d2001
215 _a393,[1] с.
_cил.
_d22
225 1 _aСерия "Педагогика, психология, медицина"
320 _aБиблиогр. в конце кн.
517 0 _aКак научиться понимать себя и других
606 0 _aТесты психологические
_92070802
_3RU\NLR\auth\661245541
610 0 _aТесты
675 _a159.9.072
_v3
_zrus
686 _a15
_2rugasnti
686 _a88.3
_2rubbk
686 _aЮ9в648
702 1 _aРимская
_bР.
_4220
801 0 _aRU
_bRKP
_c20010926
_gPSBO
801 1 _aRU
_bRKP
_c20010926
801 2 _aRU
_bNLR
_c20020109
_grcr
942 _cBOOK
980 _aNB